Normal view
MARC view
- DAHMEN JERRY
Entry Personal Name
001 - CONTROL NUMBER
- control field: 7571
003 - CONTROL NUMBER IDENTIFIER
- control field: OSt
005 - DATE AND TIME OF LATEST TRANSACTION
- control field: 20220914092527.0
008 - FIXED-LENGTH DATA ELEMENTS
- fixed length control field: 220914|| aca||aabn | a|a d
040 ## - CATALOGING SOURCE
- Original cataloging agency: OSt
- Transcribing agency: OSt
100 ## - HEADING--PERSONAL NAME
- Personal name: DAHMEN JERRY
670 ## - SOURCE DATA FOUND
- Source citation: Work cat.: (OSt)12037: DAHMEN JERRY , I LOVE LIFE